| 000 | 00545nam a2200217Ia 4500 | ||
|---|---|---|---|
| 003 | 0100 | ||
| 008 | 130303s9999 xx 000 0 und d | ||
| 020 | _a2825412139 | ||
| 040 | _cARRUPELIB | ||
| 050 | _aBV4460.7.F33 1997 | ||
| 245 | _aFacing AIDS | ||
| 245 | _bthe challenge, the churches' response ; a WCC study document | ||
| 260 | _aGeneva | ||
| 260 | _bWorld Council of Churches | ||
| 260 | _C1997 | ||
| 300 | _a116p. | ||
| 300 | _b 23 cm. | ||
| 650 | _bEckhart, Meister | ||
| 650 | _cMysticism -- Germany | ||
| 942 |
_2lcc _03 |
||
| 999 |
_c59517 _d59517 |
||